[Event "VEN-ch"]
[Site "San Felipe"]
[Date "2008.01.17"]
[Round "8"]
[White "Ordonez, Francisco"]
[Black "Iturrizaga Bonelli, Eduardo"]
[Result "0-1"]
[WhiteElo "2277"]
[BlackElo "2470"]
[PlyCount "98"]
[EventDate "2008.01.13"]
[EventType "tourn"]
[EventRounds "11"]
[EventCountry "VEN"]
[EventCategory "2"]
[SourceTitle "CBM 122 Extra"]
[Source "ChessBase"]
[SourceDate "2008.03.04"]
[SourceVersion "1"]
[SourceVersionDate "2008.03.04"]
[SourceQuality "1"]

1. d4 Nf6 2. c4 e6 3. Nf3 c5 4. e3 cxd4 5. exd4 d5 6. Nc3 Be7 7. Bd3 dxc4 8. Bxc4 Nc6 9. 0-0 0-0 10. Re1 b6 11. a3 Bb7 12. Be3 Rc8 13. Ba2 Na5 14. Qd3 Nd5 15. Ne4 Nxe3 16. fxe3 Bd5 17. Bxd5 Qxd5 18. Ned2 Nc4 19. Nxc4 Qxc4 20. Qxc4 Rxc4 21. Rac1 Rfc8 22. Rxc4 Rxc4 23. Re2 f6 24. Kf2 g5 25. h3 h5 26. Ne1 f5 27. Rc2 Rxc2+ 28. Nxc2 Kf7 29. Ne1 Bf6 30. Ke2 e5 31. dxe5 Bxe5 32. b3 Ke6 33. Kd3 g4 34. Kc4 Bg3 35. Nd3 Kf6 36. Kd5 Kg5 37. hxg4 fxg4 38. Ke4 h4 39. a4 h3 40. gxh3 gxh3 41. Kf3 h2 42. Kg2 Kf5 43. Nb4 Bd6 44. Nc6 a6 45. b4 Ke4 46. b5 a5 47. Nd4 Bg3 48. Kh1 Bc7 49. Ne6 Be5 0-1

[Event "Valencia zt 2.3"]
[Site "Valencia"]
[Date "2000.??.??"]
[Round "7"]
[White "Ordonez, Francisco"]
[Black "Russek Libni, Guil"]
[Result "1/2-1/2"]
[WhiteElo "2295"]
[BlackElo "2400"]
[PlyCount "49"]
[EventDate "2000.08.23"]
[EventType "swiss"]
[EventRounds "9"]
[EventCountry "VEN"]
[SourceTitle "EXT 2001"]
[Source "ChessBase"]
[SourceDate "2000.11.22"]
[SourceVersion "1"]
[SourceVersionDate "2000.11.22"]
[SourceQuality "1"]

1. d4 e6 2. c4 d5 3. Nc3 c5 4. cxd5 cxd4 5. Qa4+ Bd7 6. Qxd4 exd5 7. Qxd5 Nc6 8. Nf3 Nf6 9. Qd1 Bc5 10. e3 Qe7 11. Be2 0-0-0 12. 0-0 Kb8 13. a3 g5 14. b4 Bb6 15. b5 Ne5 16. Nd4 Ba5 17. Bd2 Bc7 18. Na2 Neg4 19. g3 h5 20. Nb4 Ka8 21. Rc1 Bb6 22. Bf3 Rc8 23. Qa4 Ne5 24. Bg2 g4 25. Nd5 1/2-1/2

[Event "Valencia Sub zt 2.3.5"]
[Site "Valencia"]
[Date "2000.??.??"]
[Round "7"]
[White "Rohl Montes, Juan Armando"]
[Black "Ordonez, Francisco"]
[Result "1/2-1/2"]
[WhiteElo "2343"]
[BlackElo "2295"]
[PlyCount "80"]
[EventDate "2000.08.13"]
[EventType "swiss"]
[EventRounds "9"]
[EventCountry "VEN"]
[SourceTitle "EXT 2001"]
[Source "ChessBase"]
[SourceDate "2000.11.22"]
[SourceVersion "1"]
[SourceVersionDate "2000.11.22"]
[SourceQuality "1"]

1. e4 c6 2. d4 d5 3. e5 Bf5 4. Nc3 e6 5. g4 Bg6 6. Nge2 c5 7. Be3 Nc6 8. dxc5 Nxe5 9. Nd4 Nf6 10. f4 Nc4 11. Bxc4 dxc4 12. c6 bxc6 13. Qf3 Bb4 14. f5 Bxc3+ 15. bxc3 exf5 16. Qxc6+ Kf8 17. 0-0-0 Qe8 18. Qxe8+ Rxe8 19. Nxf5 Bxf5 20. Bc5+ Kg8 21. gxf5 h6 22. Bd4 Re7 23. Rhg1 Kh7 24. Rxg7+ Kxg7 25. Rg1+ Kf8 26. Bxf6 Rh7 27. Bxe7+ Kxe7 28. Rg4 Kf6 29. Rxc4 Kxf5 30. Rc7 Kg4 31. Rxa7 Kh3 32. c4 h5 33. c5 h4 34. c6 Kxh2 35. Rd7 Rh6 36. c7 Rc6 37. Rxf7 Kg2 38. Rg7+ Kf2 39. Rf7+ Kg2 40. Rg7+ Kf2 1/2-1/2

[Event "Valencia Sub zt 2.3.5"]
[Site "Valencia"]
[Date "2000.??.??"]
[Round "9"]
[White "Sequera Paolini, Jose Rafael"]
[Black "Ordonez, Francisco"]
[Result "1-0"]
[WhiteElo "2357"]
[BlackElo "2295"]
[PlyCount "77"]
[EventDate "2000.08.13"]
[EventType "swiss"]
[EventRounds "9"]
[EventCountry "VEN"]
[SourceTitle "EXT 2001"]
[Source "ChessBase"]
[SourceDate "2000.11.22"]
[SourceVersion "1"]
[SourceVersionDate "2000.11.22"]
[SourceQuality "1"]

1. e4 c6 2. d4 d5 3. exd5 cxd5 4. Bd3 Nc6 5. c3 Nf6 6. Bf4 Bg4 7. Qb3 Qc8 8. h3 Bh5 9. Nd2 e6 10. Ngf3 Be7 11. 0-0 Bg6 12. Bxg6 hxg6 13. Rfe1 0-0 14. Ne5 Nxe5 15. Bxe5 Qc6 16. Qd1 b5 17. Qf3 Rfc8 18. h4 b4 19. Re3 Qb5 20. Rae1 bxc3 21. bxc3 Qb2 22. R1e2 Qxa2 23. g4 a5 24. h5 gxh5 25. gxh5 Qc2 26. Rd3 Nxh5 27. Nf1 Qb1 28. Ree3 g6 29. Kg2 Kf8 30. Ng3 Nxg3 31. Bxg3 Ke8 32. Qf4 g5 33. Qe5 a4 34. Rf3 a3 35. Qg7 Kd7 36. Rxf7 Re8 37. Re3 Ra6 38. Qxg5 a2 39. Rxe6 1-0

[Event "Valencia zt 2.3"]
[Site "Valencia"]
[Date "2000.??.??"]
[Round "9"]
[White "Zapata, Alonso"]
[Black "Ordonez, Francisco"]
[Result "1-0"]
[WhiteElo "2487"]
[BlackElo "2295"]
[PlyCount "93"]
[EventDate "2000.08.23"]
[EventType "swiss"]
[EventRounds "9"]
[EventCountry "VEN"]
[SourceTitle "EXT 2001"]
[Source "ChessBase"]
[SourceDate "2000.11.22"]
[SourceVersion "1"]
[SourceVersionDate "2000.11.22"]
[SourceQuality "1"]

1. e4 c6 2. d4 d5 3. Nc3 dxe4 4. Nxe4 Nd7 5. Nf3 Ndf6 6. Neg5 Bg4 7. Bc4 e6 8. h3 Bxf3 9. Nxf3 Bd6 10. Qe2 Ne7 11. Ne5 Ned5 12. 0-0 0-0 13. Bb3 Be7 14. c4 Nb6 15. Rd1 Re8 16. Bc2 Qc8 17. Bg5 Nbd7 18. Qd3 g6 19. h4 Qc7 20. Qe2 Bf8 21. Rd3 Bg7 22. Rad1 Rac8 23. a3 a6 24. b4 b5 25. Bb3 h6 26. Bf4 Qa7 27. Qf3 Qa8 28. Bh2 h5 29. Nxd7 Nxd7 30. d5 cxd5 31. cxd5 e5 32. Qe2 e4 33. Re3 Rc3 34. d6 Rxe3 35. Qxe3 Qd8 36. Qa7 e3 37. fxe3 Be5 38. Bxe5 Rxe5 39. Rf1 Rf5 40. Rxf5 gxf5 41. Qd4 Qe8 42. Qf4 Nf6 43. Bc2 Ng4 44. Bxf5 Qc6 45. Qg5+ Kf8 46. Qe7+ Kg7 47. Bxg4 1-0

[Event "VEN-ch"]
[Site "Venezuela"]
[Date "1999.??.??"]
[Round "5"]
[White "Blanco Acevedo, Cristobal Jose"]
[Black "Ordonez, Francisco"]
[Result "1-0"]
[WhiteElo "2172"]
[BlackElo "2295"]
[PlyCount "75"]
[EventDate "1999.??.??"]
[EventType "tourn"]
[EventRounds "11"]
[EventCountry "VEN"]
[SourceTitle "EXT 2001"]
[Source "ChessBase"]
[SourceDate "2000.11.22"]
[SourceVersion "1"]
[SourceVersionDate "2000.11.22"]
[SourceQuality "1"]

1. e4 c6 2. d4 d5 3. Nd2 dxe4 4. Nxe4 Nd7 5. Bc4 Ngf6 6. Ng5 e6 7. Qe2 Nb6 8. Bb3 h6 9. N5f3 c5 10. Be3 Nbd5 11. 0-0-0 Qa5 12. Bd2 Qc7 13. Ne5 Bd6 14. Ngf3 cxd4 15. Ba4+ Ke7 16. Rhe1 Bc5 17. Nh4 Rd8 18. g4 Kf8 19. g5 hxg5 20. Bxg5 Qa5 21. Bb3 Qc7 22. Ng4 Nxg4 23. Bxd8 Qf4+ 24. Kb1 Bd7 25. Bxd5 Rxd8 26. Ng2 Qg5 27. Be4 Nf6 28. f4 Qh5 29. Bf3 Qg6 30. Qe5 Bb6 31. Bxb7 Ng4 32. Qe2 Nxh2 33. Rh1 Ng4 34. Nh4 Qh5 35. Be4 Bb5 36. Qf3 f5 37. Nxf5 Qf7 38. Rh8+ 1-0

[Event "San Felipe zt"]
[Site "San Felipe"]
[Date "1999.??.??"]
[Round "6"]
[White "Melendez Tirado, Bernardo Ramon"]
[Black "Ordonez, Francisco"]
[Result "0-1"]
[WhiteElo "2135"]
[BlackElo "2295"]
[PlyCount "77"]
[EventDate "1999.??.??"]
[EventType "swiss"]
[EventRounds "9"]
[EventCountry "VEN"]
[SourceTitle "EXT 2000"]
[Source "ChessBase"]
[SourceDate "1999.11.16"]
[SourceVersion "1"]
[SourceVersionDate "1999.11.16"]
[SourceQuality "1"]

1. d4 Nf6 2. c4 g6 3. Nc3 Bg7 4. e4 d6 5. Nf3 0-0 6. Be2 Nbd7 7. 0-0 e5 8. Re1 c6 9. h3 Re8 10. dxe5 dxe5 11. Be3 Qe7 12. Qc2 Nh5 13. Bf1 Nf4 14. Rab1 Qf6 15. Nh2 Nf8 16. Rbd1 N8e6 17. Qc1 Nd4 18. Na4 Rd8 19. Bxf4 Qxf4 20. Qxf4 exf4 21. Nc5 b6 22. Nd3 g5 23. Nb4 Be6 24. Rd2 a5 25. Nc2 Nxc2 26. Rxc2 h6 27. Be2 Rd4 28. Bg4 Rxc4 29. Rxc4 Bxc4 30. b3 Bb5 31. Rc1 a4 32. Bd7 axb3 33. axb3 Rd8 34. Bf5 Rd3 35. e5 Rxb3 36. Ng4 Rb2 37. Rd1 Kf8 38. Rd7 Re2 39. e6 0-1